Animaux dans les fables de La Fontaine - Mort Subite #1 - Statistiques

Statistiques générales
  • Ce quiz a été pris 3 208 fois
  • Le résultat moyen est 6 sur 20
Answers on the Grid
Answers color-coded by a green-red scale on the quiz's grid according to % correct below.
Cigale
Fourmi
Grenouille
Moucheron
Pie
Ane
Pigeon
Cheval
Hérisson
Écureuil
Cerf
Perroquet
Léopard
Araignée
Souris
Ours
Loup
Coq
Cochon
Héron
Bison
Requin
Crevette
Tigre
Abeille
Saumon
Coccinelle
Panda
Chenille
Guêpe
Lézard
Gorille
Putois
Brochet
Hamster
Limace
Cafard
Otarie
Girafe
Oie
 
Statistiques - réponses
Réponse % Correct
Cigale
73%
Fourmi
73%
Loup
61%
Grenouille
51%
Coq
44%
Souris
43%
Ane
42%
Héron
34%
Cheval
27%
Cochon
24%
Moucheron
19%
Pie
18%
Ours
16%
Cerf
13%
Araignée
12%
Écureuil
11%
Hérisson
9%
Pigeon
8%
Léopard
2%
Perroquet
2%
Aucun quiz correspondant
Distribution des résultats
% des personnes avec chaque résultat
Percentile par nombre de réponses
Votre historique - résultats
Vous n’avez pas pris ce quiz